Tác phẩm đăng báo 1929
Giới thiệu các bài báo của tác giả Phan Khôi đã được đăng trên các báo ở Sài Gòn trong năm 1929
Saved in:
| Main Author: | |
|---|---|
| Format: | Book |
| Language: | Vietnamese |
| Published: |
Đà Nẵng
Nxb. Đà Nẵng ; Trung tâm Văn hoá Ngôn ngữ Đông Tây
2005
|
| Subjects: | |
| Tags: |
Add Tag
No Tags, Be the first to tag this record!
|
| Institutions: | Mạng thư viện Đại học Đà Nẵng |
|---|
| LEADER | 01144nam a2200313 4500 | ||
|---|---|---|---|
| 001 | 000004147 | ||
| 003 | 277 | ||
| 005 | 20121211001255.0 | ||
| 008 | 110715s2005 viesd | ||
| 020 | |c 90000đ | ||
| 041 | 0 | |a vie | |
| 082 | |a 895.9229 |b PH-K | ||
| 100 | 0 | |a Phan, Khôi | |
| 245 | 0 | |a Tác phẩm đăng báo 1929 |c Phan Khôi ; Lại Nguyên Ân s.t., b.s. | |
| 260 | |a Đà Nẵng |b Nxb. Đà Nẵng ; Trung tâm Văn hoá Ngôn ngữ Đông Tây |c 2005 | ||
| 300 | |a 765tr |c 20cm | ||
| 520 | |a Giới thiệu các bài báo của tác giả Phan Khôi đã được đăng trên các báo ở Sài Gòn trong năm 1929 | ||
| 653 | |a Tác phẩm | ||
| 910 | |d 15/07/2011 | ||
| OWN | |a LSP | ||
| AVA | |a UDN50 |b LSP |d 895.9229 PH-K |e available |t Error 5001 Not defined in file expand_doc_bib_avail. |f 5 |g 0 |h N |i 0 |k 1 | ||
| 999 | |a From the UDN01 | ||
| AVA | |a UDN50 |b LSP |d 895.9229 PH-K |e available |t Error 5001 Not defined in file expand_doc_bib_avail. |f 5 |g 0 |h N |i 0 |k 1 | ||
| TYP | |a Monograph | ||
| TYP | |a Printed language | ||
| 980 | |a Mạng thư viện Đại học Đà Nẵng | ||